| 000 | 01314nam a22002417a 4500 | ||
|---|---|---|---|
| 999 |
_c6019 _d6019 |
||
| 003 | OSt | ||
| 005 | 20260127090644.0 | ||
| 008 | 260127b ||||| |||| 00| 0 eng d | ||
| 020 | _a9781836042372 | ||
| 040 | _cKH8 | ||
| 082 | _aFIC FAR | ||
| 100 |
_aFarr, David, _eauthor. |
||
| 245 |
_aThe Book of Stolen Dreams : _bThe Final Battle / _cDavid Farr. |
||
| 260 |
_aEngland ; _bUsborne Publishing Limited , _c2025. |
||
| 300 |
_a339 pages : _billustrations ; _c20 cm. |
||
| 490 | _aThe Book of Stolen Dreams | ||
| 520 | _aAfter saving the world more times than she can count, things are finally starting to feel normal for Rachel Klein. But life is never normal for a Keeper of the Key... When a famous movie-star returns alive and well to Krasnia after weeks lost in the desert, everyone is thrilled! Everyone, except Rachel. Something about the actor doesn't feel quite right. Then Rachel realises the horrifying truth. With both their own lives and the fate of Krasnia at stake, Rachel and her brother Robert must return to the Hinterland, expose the truth and put an end to tyrant Charles Malstain's evil plans once and for all. | ||
| 650 |
_aFantasy _vFiction |
||
| 650 |
_aAdventure _vFiction |
||
| 700 |
_aKister, Kristina, _eillustrator. |
||
| 830 | _aThe Book of Stolen Dreams | ||
| 942 |
_2ddc _cFIC |
||